Tài liệu bồi dưỡng giáo viên dạy chương trình và sách giáo khoa lớp 11 Môn giáo dục công dân

Những vấn đề chung về đổi mới giáo dục phổ thông trung học, cụ thể về môn giáo dục công dân lớp 11 như: hướng dẫn thực hiện chương trình, đổi mới phương pháp dạy học, đổi mới phương pháp đánh giá, sử dụng phương tiện và thiết bị dạy học...

תיאור מלא

שמור ב:
מידע ביבליוגרפי
מחברים אחרים: Mai Văn Bính (ch.b), Vũ Hồng Tiến... (b.soạn)
פורמט: ספר
שפה:Vietnamese
יצא לאור: H. Viện Nghiên cứu Sư phạm 2004
סדרה:Bộ Giáo dục và Đào tạo. Vụ Giáo dục Trung học - Dự án phát triển giáo dục Trung học - Trường ĐHSP Hà Nội
נושאים:
תגים: הוספת תג
אין תגיות, היה/י הראשונ/ה לתייג את הרשומה!
Thư viện lưu trữ: Mạng thư viện Đại học Đà Nẵng
LEADER 01873nam a2200373 4500
001 000006509
003 2666
005 20110914090917.0
008 110913s2004 viesd
020 |c 000đ 
041 0 |a vie 
082 |a 373.112  |b Tai 
245 0 |a Tài liệu bồi dưỡng giáo viên dạy chương trình và sách giáo khoa lớp 11  |b Môn giáo dục công dân  |c Mai Văn Bính (ch.b) ; B.soạn: Vũ Hồng Tiến ; Phạm Văn Hùng ; Phan Thanh Phố ; Phí Văn Thức 
260 |a H.  |b Viện Nghiên cứu Sư phạm  |c 2004 
300 |a 54 tr  |b bảng  |c 27 cm 
490 |a Bộ Giáo dục và Đào tạo. Vụ Giáo dục Trung học - Dự án phát triển giáo dục Trung học - Trường ĐHSP Hà Nội 
500 |a Lưu hành nội bộ ( Dùng cho giáo viên và cán bộ quản lí giáo dục ) 
520 |a Những vấn đề chung về đổi mới giáo dục phổ thông trung học, cụ thể về môn giáo dục công dân lớp 11 như: hướng dẫn thực hiện chương trình, đổi mới phương pháp dạy học, đổi mới phương pháp đánh giá, sử dụng phương tiện và thiết bị dạy học 
653 |a Giáo dục công dân 
653 |a Lớp 11 
653 |a Sách giáo viên 
700 |a Mai Văn Bính  |e ch.b 
700 |a Vũ Hồng Tiến...  |e b.soạn 
910 |a Nguyễn Thị Kim Oanh  |d 13/09/2011 
OWN |a LSP 
AVA |a UDN50  |b LSP  |d 373.112 Tai  |e available  |t Error 5001 Not defined in file expand_doc_bib_avail.  |f 1  |g 0  |h N  |i 0  |k 1 
999 |a From the UDN01 
AVA |a UDN50  |b LSP  |d 373.112 Tai  |e available  |t Error 5001 Not defined in file expand_doc_bib_avail.  |f 1  |g 0  |h N  |i 0  |k 1 
TYP |a Monograph 
TYP |a Printed language 
980 |a Mạng thư viện Đại học Đà Nẵng